[Event "Reykjavik op"]
[Site "Reykjavik"]
[Date "2024.03.18"]
[Round "6"]
[White "Van Meter, Lester"]
[Black "Stelmaszyk, Nico"]
[Result "0-1"]
[WhiteElo "1906"]
[BlackElo "2347"]
[PlyCount "68"]
[EventDate "2024.03.15"]
[EventType "swiss"]
[EventRounds "9"]
[EventCountry "ISL"]
[SourceTitle "CB13_2024"]
[SourceDate "2024.03.27"]
[SourceVersion "1"]
[SourceVersionDate "2024.03.27"]
[SourceQuality "1"]

1. d4 Nf6 2. Nf3 e6 3. c4 d5 4. g3 Be7 5. Bg2 0-0 6. 0-0 dxc4 7. Qc2 b6 8. Rd1 Bb7 9. Qxc4 Nbd7 10. Nc3 c5 11. dxc5 Bxc5 12. b4 Bxf2+ 13. Kxf2 Rc8 14. Qd4 Rxc3 15. Ne5 Bxg2 16. Nxd7 Qxd7 17. Qxd7 Nxd7 18. Rxd7 Bd5 19. Rxa7 Rc2 20. Be3 b5 21. Bc5 Rd8 22. Rd1 h6 23. a4 bxa4 24. Rxa4 Rc8 25. Ke3 R2xc5 26. bxc5 Bb3 27. Rda1 Bxa4 28. Rxa4 Rxc5 29. Kf3 Rf5+ 30. Kg2 Kh7 31. Rg4 h5 32. Ra4 Kg6 33. Rb4 Rg5 34. Rf4 Re5 0-1

[Event "Reykjavik op"]
[Site "Reykjavik"]
[Date "2024.03.15"]
[Round "1"]
[White "Perchard, Matthew"]
[Black "Van Meter, Lester"]
[Result "0-1"]
[WhiteElo "1724"]
[BlackElo "1906"]
[PlyCount "98"]
[EventDate "2024.03.15"]
[EventType "swiss"]
[EventRounds "9"]
[EventCountry "ISL"]
[SourceTitle "CB13_2024"]
[SourceDate "2024.03.27"]
[SourceVersion "1"]
[SourceVersionDate "2024.03.27"]
[SourceQuality "1"]

1. e4 c5 2. Nf3 Nc6 3. Bb5 g6 4. 0-0 Bg7 5. Re1 Nf6 6. e5 Nd5 7. Nc3 Nc7 8. Bxc6 dxc6 9. Ne4 Ne6 10. d3 0-0 11. Be3 b6 12. Qd2 Qc7 13. Bh6 Bd7 14. Bxg7 Nxg7 15. Ng3 Bg4 16. Qe3 Bxf3 17. Qxf3 Rad8 18. Re4 Rd4 19. Rae1 Ne6 20. Qe3 Rxe4 21. Qxe4 Qd7 22. Qg4 Qd4 23. Qxd4 cxd4 24. a4 Rd8 25. Ne4 Rd5 26. Nd2 Rc5 27. c4 dxc3 28. Ne4 Rxe5 29. Nf6+ exf6 30. Rxe5 fxe5 31. bxc3 Nc5 32. d4 Nxa4 33. dxe5 Nxc3 34. Kf1 a5 35. f4 a4 36. g4 a3 37. h4 a2 38. Kf2 a1Q 39. f5 gxf5 40. gxf5 Qd1 41. e6 fxe6 42. fxe6 Qd4+ 43. Kg3 Nd5 44. e7 Qe3+ 45. Kg4 Kf7 46. h5 Nf6+ 47. Kh4 Qf3 48. e8Q+ Kxe8 49. Kg5 Kf7 0-1

[Event "NZL-ch op 131st"]
[Site "Palmerston North"]
[Date "2024.01.08"]
[Round "7"]
[White "Van Meter, Lester"]
[Black "Lu, Xiahan Luna"]
[Result "1/2-1/2"]
[WhiteElo "1810"]
[BlackElo "1471"]
[PlyCount "131"]
[EventDate "2024.01.02"]
[EventType "swiss"]
[EventRounds "9"]
[EventCountry "NZL"]
[SourceTitle "CB03_2024"]
[SourceDate "2024.01.17"]
[SourceVersion "1"]
[SourceVersionDate "2024.01.17"]
[SourceQuality "1"]

1. d4 d5 2. Nf3 Nf6 3. c4 c6 4. g3 Bf5 5. Nc3 e6 6. Nh4 Bg4 7. f3 Bh5 8. Qb3 Qb6 9. c5 Qxb3 10. axb3 Be7 11. b4 0-0 12. b5 cxb5 13. Nxb5 Nc6 14. e3 g5 15. g4 Bxg4 16. fxg4 gxh4 17. Nc3 h5 18. gxh5 Nxh5 19. Ra4 Kh8 20. e4 dxe4 21. Nxe4 Rfd8 22. Nd6 Bxd6 23. cxd6 Rxd6 24. d5 Rxd5 25. Rxh4 Kg7 26. Rg1+ Kf6 27. Be2 Rh8 28. Bd2 Rh7 29. b4 Ke7 30. Bc3 Ne5 31. Rxh5 Rxh5 32. Bxh5 Nd3+ 33. Ke2 Nf4+ 34. Ke3 Nxh5 35. Bd4 b6 36. Ra1 Rd7 37. Rf1 f6 38. Ke4 f5+ 39. Ke3 Nf6 40. Bxf6+ Kxf6 41. Ra1 e5 42. b5 Rd5 43. Rxa7 Rxb5 44. h4 Rb3+ 45. Kf2 f4 46. h5 Kf5 47. h6 Rh3 48. h7 b5 49. Rf7+ Kg6 50. Rb7 Rxh7 51. Rxb5 Kf5 52. Kg2 Re7 53. Kf2 Kg4 54. Rb8 e4 55. Rg8+ Kf5 56. Rf8+ Ke5 57. Ra8 Rc7 58. Re8+ Kd5 59. Rd8+ Kc4 60. Rf8 Kd3 61. Rd8+ Kc3 62. Rf8 f3 63. Ke3 Re7 64. Rc8+ Kb4 65. Rc1 Rg7 66. Kxe4 1/2-1/2

[Event "NZL-ch op 131st"]
[Site "Palmerston North"]
[Date "2024.01.07"]
[Round "6"]
[White "Fulo, Nunilon III"]
[Black "Van Meter, Lester"]
[Result "1/2-1/2"]
[WhiteElo "2002"]
[BlackElo "1810"]
[PlyCount "72"]
[EventDate "2024.01.02"]
[EventType "swiss"]
[EventRounds "9"]
[EventCountry "NZL"]
[SourceTitle "CB03_2024"]
[SourceDate "2024.01.17"]
[SourceVersion "1"]
[SourceVersionDate "2024.01.17"]
[SourceQuality "1"]

1. e4 c5 2. Nf3 Nc6 3. d4 cxd4 4. Nxd4 Nf6 5. Nc3 d6 6. Be2 g6 7. Be3 Bg7 8. Nb3 0-0 9. Qd2 Ng4 10. Bxg4 Bxg4 11. f3 Be6 12. Bh6 Qb6 13. Bxg7 Kxg7 14. 0-0-0 a5 15. Nd5 Bxd5 16. exd5 a4 17. Na1 Ne5 18. f4 Ng4 19. Rde1 Rfe8 20. c3 Qc5 21. Nc2 Nf6 22. Nb4 a3 23. Re2 Rec8 24. Kb1 axb2 25. Rxe7 Ra3 26. Qxb2 Rxc3 27. Rxb7 Nxd5 28. Nxd5 Qxd5 29. Rb3 Qd3+ 30. Ka1 d5 31. Rc1 d4 32. Rbxc3 Rxc3 33. Rxc3 dxc3 34. Qc1 f6 35. g3 h5 36. a4 Kh7 1/2-1/2

[Event "Chesterfield SPICE Cup op"]
[Site "Chesterfield"]
[Date "2023.12.18"]
[Round "3"]
[White "Proleiko, Julian"]
[Black "Van Meter, Lester"]
[Result "1-0"]
[WhiteElo "2220"]
[BlackElo "1807"]
[PlyCount "67"]
[EventDate "2023.12.17"]
[EventType "swiss"]
[EventRounds "9"]
[EventCountry "USA"]
[SourceTitle "CB52_2023"]
[SourceDate "2023.12.27"]
[SourceVersion "1"]
[SourceVersionDate "2023.12.27"]
[SourceQuality "1"]

1. d4 c5 2. d5 Nf6 3. Nc3 g6 4. e4 d6 5. Bb5+ Nfd7 6. a4 Bg7 7. f4 0-0 8. Nf3 Na6 9. 0-0 Nb4 10. Ne2 Nb6 11. a5 Bd7 12. Bxd7 Nxd7 13. Ng3 Nf6 14. c3 Na6 15. Qe2 Nc7 16. c4 b6 17. axb6 axb6 18. Rxa8 Qxa8 19. e5 Nfe8 20. Ne4 Qa6 21. Re1 b5 22. b3 h6 23. exd6 exd6 24. f5 bxc4 25. bxc4 gxf5 26. Ng3 Nf6 27. Qc2 Re8 28. Rf1 Ng4 29. Nxf5 Nxd5 30. cxd5 Re2 31. Qb3 Rxg2+ 32. Kxg2 Qe2+ 33. Kg1 Be5 34. Nxh6+ 1-0

[Event "Chesterfield SPICE Cup op"]
[Site "Chesterfield"]
[Date "2023.12.18"]
[Round "2"]
[White "Van Meter, Lester"]
[Black "Li, George"]
[Result "0-1"]
[WhiteElo "1807"]
[BlackElo "2398"]
[PlyCount "76"]
[EventDate "2023.12.17"]
[EventType "swiss"]
[EventRounds "9"]
[EventCountry "USA"]
[SourceTitle "CB52_2023"]
[SourceDate "2023.12.27"]
[SourceVersion "1"]
[SourceVersionDate "2023.12.27"]
[SourceQuality "1"]

1. d4 Nf6 2. Nf3 g6 3. c4 Bg7 4. Nc3 d6 5. Bg5 h6 6. Bh4 g5 7. Bg3 Nh5 8. e3 Bf5 9. Nd2 Nxg3 10. hxg3 c5 11. d5 a6 12. Rc1 Qa5 13. Qa4+ Qxa4 14. Nxa4 Nd7 15. e4 Bg6 16. f4 e6 17. Nc3 0-0 18. Be2 Rae8 19. dxe6 fxe6 20. Rf1 Nb8 21. Kd1 Nc6 22. Kc2 Nd4+ 23. Kb1 Re7 24. fxg5 Rxf1 25. Rxf1 Nxe2 26. Nxe2 hxg5 27. g4 b5 28. Kc1 bxc4 29. Nxc4 Bxe4 30. Nxd6 Bxg2 31. Rf2 Bc6 32. b3 Rd7 33. Nc4 Rd3 34. Nd2 Rh3 35. Kc2 Be8 36. Nf3 Bg6+ 37. Kd2 Be4 38. Nxg5 Bh6 0-1

[Event "Reykjavik op"]
[Site "Reykjavik"]
[Date "2023.04.04"]
[Round "9"]
[White "Van Meter, Lester"]
[Black "Texe, Eirik"]
[Result "0-1"]
[WhiteElo "1872"]
[BlackElo "1592"]
[PlyCount "58"]
[EventDate "2023.03.29"]
[EventType "swiss"]
[EventRounds "9"]
[EventCountry "ISL"]
[SourceTitle "EXT 2024"]
[Source "ChessBase"]
[SourceDate "2023.10.10"]
[SourceVersion "1"]
[SourceVersionDate "2023.10.10"]
[SourceQuality "1"]

1. d4 Nf6 2. Nf3 e6 3. c4 d5 4. g3 dxc4 5. Bg2 Nc6 6. 0-0 Rb8 7. e3 b5 8. Qe2 Be7 9. b3 cxb3 10. axb3 a6 11. Bb2 0-0 12. Re1 Nb4 13. Ne5 Nd7 14. Nc6 Nxc6 15. Bxc6 Rb6 16. Bg2 c5 17. Nd2 cxd4 18. Bxd4 Rd6 19. Ne4 Rxd4 20. exd4 Nb6 21. Nc5 Qxd4 22. Nxa6 Nd5 23. Qxb5 Nc3 24. Qh5 f5 25. Qf3 Ne4 26. Qe2 Nc3 27. Qf3 Nd5 28. Nb8 Bb7 29. Nc6 Bxc6 0-1

[Event "Reykjavik op"]
[Site "Reykjavik"]
[Date "2023.04.01"]
[Round "6"]
[White "Kracht, Raphael"]
[Black "Van Meter, Lester"]
[Result "1-0"]
[WhiteElo "2145"]
[BlackElo "1872"]
[PlyCount "51"]
[EventDate "2023.03.29"]
[EventType "swiss"]
[EventRounds "9"]
[EventCountry "ISL"]
[SourceTitle "CBM 213 Extra"]
[Source "ChessBase"]
[SourceDate "2023.05.31"]
[SourceVersion "1"]
[SourceVersionDate "2023.05.31"]
[SourceQuality "1"]

1. e4 c5 2. d4 cxd4 3. c3 Nf6 4. e5 Nd5 5. Nf3 Nc6 6. Bc4 e6 7. cxd4 d6 8. Qe2 Be7 9. 0-0 0-0 10. Re1 Nb6 11. Bb3 d5 12. Nc3 f5 13. exf6 Bxf6 14. Qd3 g6 15. Bh6 Bg7 16. Bxg7 Kxg7 17. Qe3 Nc4 18. Bxc4 dxc4 19. Rad1 Qf6 20. Ne4 Qf4 21. Qc3 Kh6 22. Qxc4 e5 23. d5 Na5 24. Qc7 Bf5 25. Neg5 Rac8 26. Qxh7# 1-0

[Event "Reykjavik op"]
[Site "Reykjavik"]
[Date "2023.04.01"]
[Round "5"]
[White "Van Meter, Lester"]
[Black "Adams, George"]
[Result "1/2-1/2"]
[WhiteElo "1872"]
[BlackElo "1604"]
[PlyCount "73"]
[EventDate "2023.03.29"]
[EventType "swiss"]
[EventRounds "9"]
[EventCountry "ISL"]
[SourceTitle "CBM 213 Extra"]
[Source "ChessBase"]
[SourceDate "2023.05.31"]
[SourceVersion "1"]
[SourceVersionDate "2023.05.31"]
[SourceQuality "1"]

1. d4 Nf6 2. Nf3 e6 3. c4 Bb4+ 4. Bd2 c5 5. Bxb4 cxb4 6. a3 Qe7 7. g3 b6 8. Bg2 Bb7 9. 0-0 0-0 10. Nbd2 Na6 11. e4 d6 12. Qa4 bxa3 13. Rxa3 Nd7 14. b4 e5 15. b5 Nc7 16. Qc2 Rfc8 17. Qa2 a5 18. d5 Nc5 19. Nh4 g6 20. Qb1 Rf8 21. Qe1 Bc8 22. f4 f6 23. f5 g5 24. Nhf3 h5 25. h3 Kf7 26. Nh2 Ke8 27. Qe2 Qh7 28. Rf2 Bd7 29. Nhf1 Kd8 30. Ne3 Kc8 31. Nd1 Ne8 32. Nb2 Kc7 33. Nb1 Rg8 34. Nc3 Ng7 35. Qf1 g4 36. h4 Rgd8 37. Nb1 1/2-1/2

[Event "Reykjavik op"]
[Site "Reykjavik"]
[Date "2023.03.31"]
[Round "4"]
[White "Melaa, Sondre Lillestol"]
[Black "Van Meter, Lester"]
[Result "1-0"]
[WhiteElo "2243"]
[BlackElo "1872"]
[PlyCount "117"]
[EventDate "2023.03.29"]
[EventType "swiss"]
[EventRounds "9"]
[EventCountry "ISL"]
[SourceTitle "CBM 213 Extra"]
[Source "ChessBase"]
[SourceDate "2023.05.31"]
[SourceVersion "1"]
[SourceVersionDate "2023.05.31"]
[SourceQuality "1"]

1. e4 c5 2. a3 Nc6 3. b4 cxb4 4. axb4 Nxb4 5. c3 Nc6 6. d4 d5 7. exd5 Qxd5 8. Na3 Bf5 9. Nb5 Rc8 10. Nxa7 Nxa7 11. Rxa7 e5 12. Nf3 Nf6 13. Nxe5 Bd6 14. Be2 0-0 15. 0-0 Bxe5 16. dxe5 Qxe5 17. Be3 Qxc3 18. Bd4 Qc2 19. Bxf6 gxf6 20. Rxb7 Qxd1 21. Bxd1 Rfe8 22. Bb3 Be6 23. Bxe6 Rxe6 24. Rd1 Rc2 25. Rb4 f5 26. Rf4 Rd2 27. Rf1 Re5 28. h3 Rdd5 29. Ra1 Re4 30. Rxe4 fxe4 31. Ra4 Re5 32. Kf1 Kg7 33. Ke2 Re7 34. Ke3 Rb7 35. Rxe4 Rb3+ 36. Kf4 Rb2 37. Kg3 Kg6 38. Rg4+ Kf6 39. f3 Ra2 40. Kh4 Ra5 41. Rg8 Rf5 42. Kg4 Ra5 43. f4 Rb5 44. g3 h6 45. Kh4 Ra5 46. g4 Ra4 47. Kh5 Rxf4 48. Kxh6 Rf3 49. h4 Rh3 50. h5 Ke7 51. Kh7 f5 52. Rg7+ Kf8 53. Rg5 fxg4 54. Rf5+ Ke7 55. Kg7 Ke6 56. Rg5 Ra3 57. h6 Ra7+ 58. Kg6 Ra8 59. h7 1-0

[Event "Reykjavik op"]
[Site "Reykjavik"]
[Date "2023.03.29"]
[Round "1"]
[White "Van Meter, Lester"]
[Black "Christoffersen, Odd"]
[Result "1-0"]
[WhiteElo "1872"]
[BlackElo "1510"]
[PlyCount "33"]
[EventDate "2023.03.29"]
[EventType "swiss"]
[EventRounds "9"]
[EventCountry "ISL"]
[SourceTitle "CBM 213 Extra"]
[Source "ChessBase"]
[SourceDate "2023.05.31"]
[SourceVersion "1"]
[SourceVersionDate "2023.05.31"]
[SourceQuality "1"]

1. d4 Nf6 2. Nf3 e6 3. c4 d5 4. g3 c6 5. Bg2 Ne4 6. 0-0 Be7 7. b3 Nd7 8. Bb2 0-0 9. Nbd2 f5 10. Qc2 Ndf6 11. Ne5 Nxd2 12. Qxd2 Bd7 13. Rad1 Be8 14. Qc2 g6 15. Bc1 Bf7 16. f3 Re8 17. e4 1-0

[Event "Chesterfield SPICE Cup op"]
[Site "Chesterfield"]
[Date "2022.12.20"]
[Round "4"]
[White "Colas, Joshua"]
[Black "Van Meter, Lester"]
[Result "1-0"]
[WhiteElo "2228"]
[BlackElo "1852"]
[PlyCount "99"]
[EventDate "2022.12.18"]
[EventType "swiss"]
[EventRounds "9"]
[EventCountry "USA"]
[SourceTitle "CBM 212 Extra"]
[Source "ChessBase"]
[SourceDate "2023.03.31"]
[SourceVersion "1"]
[SourceVersionDate "2023.03.31"]
[SourceQuality "1"]

1. Nf3 c5 2. c4 Nc6 3. d4 cxd4 4. Nxd4 g6 5. Nc3 Bg7 6. Nc2 Nf6 7. e4 0-0 8. Be2 b6 9. Bf4 d6 10. Qd2 Bb7 11. h4 Ne5 12. f3 Rc8 13. b3 a6 14. Rc1 b5 15. cxb5 Nxf3+ 16. Bxf3 Nxe4 17. Nxe4 Bxe4 18. 0-0 Bxf3 19. Rxf3 axb5 20. Ne1 Qd7 21. Rxc8 Rxc8 22. Rf1 e5 23. Bg5 d5 24. h5 e4 25. h6 Be5 26. Bf4 Bc3 27. Qf2 f5 28. Nc2 d4 29. Rd1 d3 30. Ne3 Bd4 31. Kh2 Rc6 32. Qg3 Kf8 33. Be5 Bxe5 34. Qxe5 Qd6 35. Qxd6+ Rxd6 36. Kg3 Kf7 37. a4 bxa4 38. bxa4 Ra6 39. Ra1 Kf6 40. a5 g5 41. Nd5+ Ke5 42. Nc7 Rc6 43. a6 Rxc7 44. a7 Rxa7 45. Rxa7 Kd4 46. Rxh7 e3 47. Rd7+ Kc3 48. h7 e2 49. h8Q+ Kc2 50. Qe5 1-0

[Event "Chesterfield SPICE Cup op"]
[Site "Chesterfield"]
[Date "2022.12.18"]
[Round "1"]
[White "Marjanovic, Annamaria"]
[Black "Van Meter, Lester"]
[Result "1-0"]
[WhiteElo "2312"]
[BlackElo "1852"]
[PlyCount "61"]
[EventDate "2022.12.18"]
[EventType "swiss"]
[EventRounds "9"]
[EventCountry "USA"]
[SourceTitle "CBM 212 Extra"]
[Source "ChessBase"]
[SourceDate "2023.03.31"]
[SourceVersion "1"]
[SourceVersionDate "2023.03.31"]
[SourceQuality "1"]

1. d4 c5 2. d5 Nf6 3. c4 e6 4. Nc3 exd5 5. cxd5 d6 6. g3 g6 7. Bg2 Bg7 8. Nf3 0-0 9. 0-0 Re8 10. Bf4 h6 11. Qc1 g5 12. Bd2 Bf5 13. h4 g4 14. Ne1 Kh7 15. Nc2 Nbd7 16. Ne3 Bg6 17. h5 Nxh5 18. Nxg4 Ne5 19. Nxh6 Nc4 20. Ng4 Nxd2 21. Qxd2 f5 22. Nh2 f4 23. g4 Ng3 24. fxg3 Bd4+ 25. Kh1 Be3 26. Qe1 Kg7 27. gxf4 Rh8 28. Rf3 Qe7 29. Nd1 Rxh2+ 30. Kxh2 Rh8+ 31. Bh3 1-0

[Event "Indianapolis Premier"]
[Site "Indianapolis"]
[Date "2021.09.25"]
[Round "2"]
[White "Smith, Bryan G"]
[Black "Van Meter, Lester"]
[Result "1/2-1/2"]
[WhiteElo "2425"]
[BlackElo "1866"]
[PlyCount "56"]
[EventDate "2021.09.24"]
[EventType "swiss"]
[EventRounds "5"]
[EventCountry "USA"]
[SourceTitle "CBM 204 Extra"]
[Source "ChessBase"]
[SourceDate "2021.11.30"]
[SourceVersion "1"]
[SourceVersionDate "2021.11.30"]
[SourceQuality "1"]

1. e4 c5 2. Nc3 Nc6 3. Bb5 g6 4. Bxc6 dxc6 5. f4 Bg7 6. Nf3 Bg4 7. 0-0 h5 8. d3 c4 9. Be3 cxd3 10. cxd3 Bxf3 11. Rxf3 Bd4 12. Qe2 Nf6 13. h3 Qb6 14. e5 Nd5 15. Nxd5 cxd5 16. Rc1 0-0 17. Bxd4 Qxd4+ 18. Qf2 Qb6 19. d4 Rac8 20. Rc5 e6 21. g4 hxg4 22. hxg4 Rxc5 23. dxc5 Qb4 24. Rb3 Qc4 25. Rc3 Qe4 26. Re3 Qc4 27. Rc3 Qe4 28. Re3 Qc4 1/2-1/2

[Event "Cardinal op"]
[Site "Columbus"]
[Date "2018.01.28"]
[Round "5"]
[White "Van Meter, Lester"]
[Black "Paul, Justin"]
[Result "1/2-1/2"]
[WhiteElo "2058"]
[BlackElo "2175"]
[PlyCount "129"]
[EventDate "2018.01.26"]
[EventType "swiss"]
[EventRounds "5"]
[EventCountry "USA"]
[SourceTitle "EXT 2023"]
[Source "ChessBase"]
[SourceDate "2022.10.05"]
[SourceVersion "1"]
[SourceVersionDate "2022.10.05"]
[SourceQuality "1"]

1. Nf3 Nf6 2. c4 e6 3. g3 b6 4. Bg2 Bb7 5. 0-0 c5 6. b3 Be7 7. Bb2 0-0 8. e3 d6 9. Nc3 a6 10. Qe2 Qc7 11. Rad1 Nbd7 12. Nh4 Ne8 13. Bxb7 Qxb7 14. Ng2 Bf6 15. d3 Nc7 16. Ne4 Bxb2 17. Qxb2 f5 18. Nc3 Ne5 19. Ne1 Rf6 20. d4 Nf7 21. f4 cxd4 22. exd4 b5 23. Qg2 Qa7 24. Kh1 Rc8 25. d5 bxc4 26. dxe6 Rxe6 27. bxc4 Qc5 28. Nd5 Rce8 29. Nxc7 Qxc7 30. Qd5 Re2 31. Nf3 g6 32. Ng5 Rxa2 33. Rfe1 Rae2 34. Rxe2 Rxe2 35. Qxf7+ Qxf7 36. Nxf7 Kxf7 37. Rxd6 Re6 38. Rd7+ Re7 39. Rd5 Ra7 40. Ra5 Ke6 41. Kg2 Kd6 42. Kf2 Kc6 43. Ke3 Kb6 44. Rd5 a5 45. Kd3 a4 46. Kc2 a3 47. Kb1 Kc6 48. Ka2 Ra4 49. Rd4 Ra8 50. Rd5 Ra7 51. Re5 Kb6 52. Rb5+ Kc6 53. Re5 Rd7 54. Kxa3 Rd2 55. Kb4 Rb2+ 56. Kc3 Rxh2 57. Re7 Kc5 58. Rc7+ Kd6 59. Ra7 Kc5 60. Rc7+ Kd6 61. Ra7 Kc6 62. Kd4 Rh3 63. Ra6+ Kb7 64. Rf6 Kc7 65. Kd5 1/2-1/2

[Event "Cardinal op"]
[Site "Columbus"]
[Date "2018.01.27"]
[Round "2"]
[White "Arvind, C Jayaraman"]
[Black "Van Meter, Lester"]
[Result "1/2-1/2"]
[WhiteElo "2166"]
[BlackElo "2058"]
[PlyCount "49"]
[EventDate "2018.01.26"]
[EventType "swiss"]
[EventRounds "5"]
[EventCountry "USA"]
[SourceTitle "EXT 2023"]
[Source "ChessBase"]
[SourceDate "2022.10.05"]
[SourceVersion "1"]
[SourceVersionDate "2022.10.05"]
[SourceQuality "1"]

1. d4 c5 2. d5 Nf6 3. Nc3 d6 4. e4 e5 5. f4 exf4 6. Bxf4 Nbd7 7. Nf3 a6 8. a4 Ng4 9. Be2 Nge5 10. 0-0 Be7 11. Nxe5 Nxe5 12. Bxe5 dxe5 13. Bg4 0-0 14. Bxc8 Rxc8 15. Qh5 Qd6 16. Kh1 c4 17. Rf3 g6 18. Qg4 Rc7 19. Raf1 Qd7 20. Qg3 Bd6 21. Rf6 Be7 22. R6f3 Bd6 23. Rf6 Be7 24. Rb6 Bc5 25. Rbf6 1/2-1/2

[Event "Cardinal op"]
[Site "Columbus"]
[Date "2018.01.27"]
[Round "3"]
[White "Van Meter, Lester"]
[Black "Narkeeran, Madhavan"]
[Result "0-1"]
[WhiteElo "2058"]
[BlackElo "1856"]
[PlyCount "142"]
[EventDate "2018.01.26"]
[EventType "swiss"]
[EventRounds "5"]
[EventCountry "USA"]
[SourceTitle "EXT 2023"]
[Source "ChessBase"]
[SourceDate "2022.10.05"]
[SourceVersion "1"]
[SourceVersionDate "2022.10.05"]
[SourceQuality "1"]

1. Nf3 Nf6 2. c4 g6 3. b4 Bg7 4. Bb2 0-0 5. g3 d6 6. Bg2 a5 7. a3 e5 8. d3 Nc6 9. b5 Ne7 10. 0-0 Nd7 11. d4 exd4 12. Bxd4 Ne5 13. Nxe5 Bxe5 14. Nc3 Bxd4 15. Qxd4 Nf5 16. Qd3 Rb8 17. Rad1 Be6 18. h4 h5 19. Bd5 Qf6 20. Ne4 Qg7 21. Ng5 Bxd5 22. cxd5 Rfe8 23. e4 Nh6 24. Rc1 Re7 25. Rc4 b6 26. Rfc1 Rb7 27. f4 Ng4 28. e5 Qf8 29. e6 f5 30. Qd4 Qf6 31. Nf3 Qxd4+ 32. Rxd4 Nf6 33. Ng5 Rb8 34. Kf1 Nh7 35. Nh3 Nf6 36. Nf2 Ra8 37. a4 Rb8 38. Ke2 Ra8 39. Kd3 Ra7 40. Kc4 Kg7 41. Rd2 Rb7 42. Kd4 Kf8 43. Rc6 Ke8 44. Rdc2 Kf8 45. Rc1 Ra7 46. R1c2 Rb7 47. Nd3 Ne4 48. Ne5 dxe5+ 49. fxe5 Nc5 50. R2xc5 bxc5+ 51. Kxc5 Ke8 52. Ra6 Rb8 53. Rxa5 g5 54. hxg5 f4 55. gxf4 h4 56. f5 h3 57. d6 h2 58. d7+ Rxd7 59. exd7+ Kxd7 60. e6+ Ke7 61. Ra7 h1Q 62. Rxc7+ Ke8 63. f6 Qc1+ 64. Kd6 Rd8+ 65. Rd7 Qd2+ 66. Kc7 Rxd7+ 67. exd7+ Qxd7+ 68. Kb6 Kd8 69. Ka6 Kc8 70. g6 Qe6+ 71. b6 Qxf6 0-1

[Event "US Open-110"]
[Site "Indianapolis"]
[Date "2009.08.03"]
[Round "3"]
[White "Michaelides, Michail"]
[Black "Van Meter, Lester"]
[Result "1-0"]
[WhiteElo "1762"]
[BlackElo "2222"]
[PlyCount "104"]
[EventDate "2009.08.01"]
[EventType "swiss"]
[EventRounds "9"]
[EventCountry "USA"]
[SourceTitle "CBM 131 Extra"]
[Source "ChessBase"]
[SourceDate "2009.09.03"]
[SourceVersion "2"]
[SourceVersionDate "2009.09.16"]
[SourceQuality "1"]

1. d4 Nf6 2. c4 e6 3. Nc3 Bb4 4. e3 b6 5. Nge2 Ne4 6. Qc2 Bb7 7. a3 Bxc3+ 8. Nxc3 f5 9. d5 Nxc3 10. Qxc3 Qf6 11. Qxf6 gxf6 12. dxe6 dxe6 13. Bd2 Nd7 14. b4 a5 15. bxa5 bxa5 16. c5 Nxc5 17. Rc1 Nb3 18. Rxc7 Bd5 19. Bb5+ Kd8 20. Rd7+ Kc8 21. Rg7 Kb8 22. e4 Bxe4 23. Be3 Rc8 24. Bd7 Rc7 25. Rg8+ Kb7 26. Bxe6 Rxg8 27. Bxg8 Nd4 28. f3 Nc2+ 29. Kf2 Nxe3 30. Kxe3 Rg7 31. Bc4 Bc6 32. Rb1+ Kc7 33. Rb2 Re7+ 34. Kf4 Re5 35. Re2 Rc5 36. Bd3 Rc3 37. Bxf5 Rxa3 38. Bxh7 a4 39. h4 Rb3 40. h5 Bd5 41. Be4 Bf7 42. h6 a3 43. Ra2 f5 44. Rxa3 Rxa3 45. h7 fxe4 46. h8Q exf3 47. Qe5+ Kc6 48. gxf3 Bd5 49. Qe8+ Kb6 50. Qb8+ Kc6 51. Ke5 Rxf3 52. Qd6+ Kb7 1-0

[Event "US Open-109"]
[Site "Dallas"]
[Date "2008.08.09"]
[Round "8"]
[White "Van Meter, Lester"]
[Black "Yeager, Daniel A"]
[Result "1/2-1/2"]
[WhiteElo "2225"]
[BlackElo "2335"]
[PlyCount "39"]
[EventDate "2008.08.02"]
[EventType "swiss"]
[EventRounds "9"]
[EventCountry "USA"]
[SourceTitle "CBM 125 Extra"]
[Source "ChessBase"]
[SourceDate "2008.09.01"]
[SourceVersion "1"]
[SourceVersionDate "2008.09.01"]
[SourceQuality "1"]

1. Nf3 d5 2. c4 c6 3. g3 Nf6 4. Bg2 Bf5 5. cxd5 cxd5 6. 0-0 Nc6 7. d3 e5 8. Qa4 Qd7 9. e4 dxe4 10. dxe4 Bxe4 11. Rd1 Bd6 12. Nc3 Bxf3 13. Bxf3 Nd4 14. Qxd7+ Kxd7 15. Bxb7 Rab8 16. Bg2 Ke7 17. Be3 Nc2 18. Bxa7 Nxa1 19. Bxb8 Rxb8 20. Rxa1 1/2-1/2

[Event "US Open-109"]
[Site "Dallas"]
[Date "2008.08.05"]
[Round "4"]
[White "Van Meter, Lester"]
[Black "Nonchev, Kalin K"]
[Result "0-1"]
[WhiteElo "2225"]
[BlackElo "2171"]
[PlyCount "74"]
[EventDate "2008.08.02"]
[EventType "swiss"]
[EventRounds "9"]
[EventCountry "USA"]
[SourceTitle "CBM 125 Extra"]
[Source "ChessBase"]
[SourceDate "2008.09.01"]
[SourceVersion "1"]
[SourceVersionDate "2008.09.01"]
[SourceQuality "1"]

1. Nf3 Nf6 2. c4 e6 3. g3 d5 4. Bg2 dxc4 5. Na3 c5 6. Ne5 a6 7. Naxc4 Qc7 8. a4 Nbd7 9. Nxd7 Bxd7 10. d3 Nd5 11. 0-0 Bc6 12. e4 Nb4 13. Bf4 Qd8 14. Ne5 Be7 15. Qg4 0-0 16. Rfd1 Rc8 17. h4 Be8 18. Nc4 Kh8 19. e5 Bc6 20. Nd6 Bxd6 21. exd6 Bxg2 22. Kxg2 Nc6 23. h5 e5 24. h6 g6 25. Be3 Qxd6 26. Rac1 Nd4 27. Qe4 f5 28. Qh4 Qd5+ 29. Kf1 f4 30. Bxd4 exd4 31. gxf4 Qf3 32. Re1 Rxf4 33. Rxc5 Rcf8 34. Qh2 Qxd3+ 35. Re2 Re4 36. Rcc2 Qd1+ 37. Kg2 Rxe2 0-1

[Event "Dake Memorial"]
[Site "McMinnville"]
[Date "2004.06.11"]
[Round "7"]
[White "Andrianov, Nikolai Ivanovich"]
[Black "Van Meter, Lester"]
[Result "1/2-1/2"]
[WhiteElo "2446"]
[BlackElo "2240"]
[PlyCount "32"]
[EventDate "2004.06.05"]
[EventType "tourn"]
[EventRounds "9"]
[EventCountry "USA"]
[EventCategory "3"]
[SourceTitle "CBM 100 Extra"]
[Source "ChessBase"]
[SourceDate "2004.07.06"]
[SourceVersion "2"]
[SourceVersionDate "2004.07.06"]
[SourceQuality "1"]

1. c4 Nf6 2. Nc3 e6 3. e4 Nc6 4. Nf3 d5 5. e5 Ne4 6. d4 Bb4 7. Qc2 f5 8. a3 Bxc3+ 9. bxc3 0-0 10. Be2 b6 11. cxd5 exd5 12. 0-0 Na5 13. Ne1 Ng5 14. Bxg5 Qxg5 15. f4 Qe7 16. Nf3 c6 1/2-1/2